000 00457nmm a2200157Ia 4500
008 251105s9999||||xx |||||||||||||||||und||
041 _afre
100 _aLopetegi, J.A.
245 0 _aDessiner pour l´humour de l´art avec Pirate
264 _a[Madrid, España] :
_bEditorial Saure,
_c2012
300 _a66 páginas
490 _aPirate
650 _aGraphic novels (Comics)
856 _uhttps://public.digitaliapublishing.com/a/60183
942 _cCF
999 _c100465
_d100465